A practical guide to the NEC3 professional services contract (Record no. 115007)
[ view plain ]
| 000 -LEADER | |
|---|---|
| fixed length control field | 01006cam a22002415a 4500 |
| 001 - CONTROL NUMBER | |
| control field | L157871 |
| 008 - FIXED-LENGTH DATA ELEMENTS--GENERAL INFORMATION | |
| fixed length control field | 130620s2012 xxk f 000 0 eng d |
| 020 ## - INTERNATIONAL STANDARD BOOK NUMBER | |
| International Standard Book Number | 9780470672341 |
| 035 ## - SYSTEM CONTROL NUMBER | |
| System control number | (Sirsi) u157871 |
| 041 0# - LANGUAGE CODE | |
| Language code of text/sound track or separate title | eng |
| 050 04 - LIBRARY OF CONGRESS CALL NUMBER | |
| Classification number | 624.08 |
| 100 1# - MAIN ENTRY--PERSONAL NAME | |
| Personal name | Rowlinson, Michael |
| 245 02 - TITLE STATEMENT | |
| Title | A practical guide to the NEC3 professional services contract |
| 260 ## - PUBLICATION, DISTRIBUTION, ETC. | |
| Place of publication, distribution, etc. | John Wiley & Sons Ltd |
| Date of publication, distribution, etc. | 2012 |
| 350 ## - PRICE (NR) (BK AM CF MU VM SE) [OBSOLETE] | |
| Price | 69.99 |
| 520 ## - SUMMARY, ETC. | |
| Summary, etc. | This book is a practical guide to the application of the PSC. Starting with a brief discussion of the background and philosophy behind the PSC, it identifies the roles and responsibilities of each of the named functions within the contract, explains the approaches required to achieve a successful working relationship between all parties, and examines all the procedures in the PSC. |
| 521 ## - TARGET AUDIENCE NOTE | |
| Target audience note | KA |
| 650 24 - SUBJECT ADDED ENTRY--TOPICAL TERM | |
| Topical term or geographic name entry element | NEW ENGINEERING CONTRACT (THIRD EDITION) |
| 651 #4 - SUBJECT ADDED ENTRY--GEOGRAPHIC NAME | |
| Geographic name | ENGLAND AND WALES |
| 690 ## - LOCAL SUBJECT ADDED ENTRY--TOPICAL TERM (OCLC, RLIN) | |
| Topical term or geographic name as entry element | PROFESSIONAL SERVICES CONTRACT |
| 942 ## - ADDED ENTRY ELEMENTS (KOHA) | |
| Suppress in OPAC | 0 |
| Withdrawn status | Lost status | Source of classification or shelving scheme | Damaged status | Not for loan | Home library | Current library | Shelving location | Date acquired | Total Checkouts | Full call number | Barcode | Date last seen | Date last checked out | Copy number | Price effective from | Koha item type |
|---|---|---|---|---|---|---|---|---|---|---|---|---|---|---|---|---|
| Dewey Decimal Classification | London | London | Books | 20/06/2013 | 2 | 624.08 ROW | 30075219 | 06/08/2019 | 15/12/2015 | 1 | 06/08/2019 | Book |